Normal view
MARC view
Entry Personal Name
001 - CONTROL NUMBER
- control field: 266224
003 - CONTROL NUMBER IDENTIFIER
- control field: OSt
005 - DATE AND TIME OF LATEST TRANSACTION
- control field: 20260704101534.0
008 - FIXED-LENGTH DATA ELEMENTS
- fixed length control field: 260704|| aca||aabn | a|a d
040 ## - CATALOGING SOURCE
- Original cataloging agency: OSt
- Transcribing agency: OSt
100 ## - HEADING--PERSONAL NAME
- Personal name: JANAKI BRAHMAVARA (M).
- Dates associated with a name: ಜಾನಕಿ ಬ್ರಹ್ಮಾವರ
670 ## - SOURCE DATA FOUND
- Source citation: Work cat.: (OSt)108189: JANAKI BRAHMAVARA (M). ಜಾನಕಿ ಬ್ರಹ್ಮಾವರ, Yuga magrnaga., 2002